| 000 | 00312nam a22001217a 4500 | ||
|---|---|---|---|
| 082 |
_a297.21 _bSHA |
||
| 100 |
_aShafi, Mulana Mufti Muhammad _951377 |
||
| 245 | _aمسئلہ سود | ||
| 260 |
_aKarachi, _bIdara marif, _c1979. |
||
| 300 | _a148p. | ||
| 526 |
_a0 _b0 _c0 _d297_210000000000000_SHA |
||
| 942 |
_2ddc _cBK |
||
| 999 |
_c554080 _d554080 |
||